000 00301nam a2200133Ia 4500
005 20251222140104.0
008 251222s1900||||xx |||||||||||||| ||spa||
020 _a84-82-80-181-3
082 _a128.33/P27
100 _aPascal, Blaise
245 0 _aPensamientos
264 _bOveja Negra
942 _cLIB
999 _c4061
_d4061